Projeler Sultanı Abdülhamid Han (Record no. 20102)

000 -LEADER
fixed length control field 01062nmm a2200313 a 4500
001 - CONTROL NUMBER
control field ocm0002146289
003 - CONTROL NUMBER IDENTIFIER
control field TR-IsHL
005 - DATE AND TIME OF LATEST TRANSACTION
control field 20201028182515.0
008 - FIXED-LENGTH DATA ELEMENTS--GENERAL INFORMATION
fixed length control field 190203s2015 tu tur
007 - PHYSICAL DESCRIPTION FIXED FIELD--GENERAL INFORMATION
fixed length control field cr cn
020 ## - INTERNATIONAL STANDARD BOOK NUMBER
International Standard Book Number 9786051511566
035 ## - SYSTEM CONTROL NUMBER
System control number 2146289
-- (N$T)
050 04 - LIBRARY OF CONGRESS CALL NUMBER
Classification number DR571
Item number .G85 2015
090 04 - LOCALLY ASSIGNED LC-TYPE CALL NUMBER (OCLC); LOCAL CALL NUMBER (RLIN)
Classification number (OCLC) (R) ; Classification number, CALL (RLIN) (NR) DR571
Local cutter number (OCLC) ; Book number/undivided call number, CALL (RLIN) .G85 2015
100 1# - MAIN ENTRY--PERSONAL NAME
Personal name Güldür, Yusuf
245 10 - TITLE STATEMENT
Title Projeler Sultanı Abdülhamid Han
Medium [electronic resource] /
Statement of responsibility, etc. Yusuf Güldür ; editör Erol Şahnacı
260 ## - PUBLICATION, DISTRIBUTION, ETC.
Place of publication, distribution, etc. İstanbul :
Name of publisher, distributor, etc. Hayat Yayınları,
Date of publication, distribution, etc. 2015
300 ## - PHYSICAL DESCRIPTION
Extent 246 p.
500 ## - GENERAL NOTE
General note Kaynakça var.
650 #4 - SUBJECT ADDED ENTRY--TOPICAL TERM
Topical term or geographic name entry element Tarih
650 #4 - SUBJECT ADDED ENTRY--TOPICAL TERM
Topical term or geographic name entry element History
650 #0 - SUBJECT ADDED ENTRY--TOPICAL TERM
Topical term or geographic name entry element Abdülhamid II, Osmanlı padişahı, 1842-1918
650 #0 - SUBJECT ADDED ENTRY--TOPICAL TERM
Topical term or geographic name entry element Abdulhamid II, Sultan of the Turks, 1842-1918
650 #0 - SUBJECT ADDED ENTRY--TOPICAL TERM
Topical term or geographic name entry element Abdülhamid Han
General subdivision Projeler
650 #0 - SUBJECT ADDED ENTRY--TOPICAL TERM
Topical term or geographic name entry element Abdul Hamid Khan
General subdivision Projects
650 #7 - SUBJECT ADDED ENTRY--TOPICAL TERM
Topical term or geographic name entry element HISTORY / Middle East / Turkey & Ottoman Empire
Source of heading or term bisacsh
700 1# - ADDED ENTRY--PERSONAL NAME
Personal name Şahnacı, Erol
856 40 - ELECTRONIC LOCATION AND ACCESS
Uniform Resource Identifier <a href="http://search.ebscohost.com/login.aspx?direct=true&scope=site&db=e011xww&AN=2146289">http://search.ebscohost.com/login.aspx?direct=true&scope=site&db=e011xww&AN=2146289</a>
Holdings
Withdrawn status Lost status Source of classification or shelving scheme Damaged status Not for loan Collection code Permanent Location Current Location Date acquired Total Checkouts Full call number Barcode Date last seen Price effective from Koha item type
        Online   Kıbrıs Amerikan Üniversitesi Kütüphanesi / American University of Cyprus Kıbrıs Amerikan Üniversitesi Kütüphanesi / American University of Cyprus 28.10.2020   DR571 .G85 2015 2146289 28.10.2020 28.10.2020 E-Kitap
Devinim Yazılım Eğitim Danışmanlık tarafından Koha'nın orjinal sürümü uyarlanarak geliştirilip kurulmuştur.